Applied Physics/ (Record no. 186330)

MARC details
000 -LEADER
fixed length control field 00611nam a22001937a 4500
005 - DATE AND TIME OF LATEST TRANSACTION
control field 20220223122250.0
010 ## - LCCN (DPL NO)
LC control number ENG-131763
020 ## - INTERNATIONAL STANDARD BOOK NUMBER
International Standard Book Number 9789388096416
Terms of availability 499.00
035 ## - SYSTEM CONTROL NUMBER
System control number EN-115295
037 ## - SOURCE OF ACQUISITION
Source of stock number/acquisition DBAD
082 ## - DEWEY DECIMAL CLASSIFICATION NUMBER
Classification number 530.12
100 ## - MAIN ENTRY--PERSONAL NAME
Personal name Venkanna, K.
245 ## - TITLE STATEMENT
Title Applied Physics/
Statement of responsibility, etc K. Venkanna, P. Nageswar Rao
260 ## - PUBLICATION, DISTRIBUTION, ETC. (IMPRINT)
Place of publication, distribution, etc Hyderabad
Name of publisher, distributor, etc SevenHills International Publishers
Date of publication, distribution, etc 2020
270 ## - ADDRESS
Address # 326/C, Level-2, Surnemi Nilayam, Near B K Guda Park, S R Nagar
City Hyderabad
Postal code 500038
300 ## - PHYSICAL DESCRIPTION
Extent xvi, 344p.
Dimensions 24cm(pbk)
700 ## - ADDED ENTRY--PERSONAL NAME
Personal name Rao, P. Nageswar
942 ## - ADDED ENTRY ELEMENTS (KOHA)
Source of classification or shelving scheme Dewey Decimal Classification
Item type English Books
Classification part 530.12
Call number suffix VEN
Holdings
Withdrawn status Lost status Not for loan Collection code Home library Current library Date acquired Source of acquisition Cost, normal purchase price Full call number Barcode Copy number Cost, replacement price Koha item type
      Non-fiction Sarojini Nagar Sarojini Nagar 23/02/2022 DBAD/PUB 499.00 530.12 VEN EN-115295 1 499.00 English Books

© Delhi Public Library
Hit Counter
free hit counter